[Event "SVK-ch U10 Girls"]
[Site "Tatralandia"]
[Date "2024.04.08"]
[Round "5"]
[White "Siskova, Alexandra"]
[Black "Hadidom, Naomi"]
[Result "0-1"]
[WhiteElo "1000"]
[BlackElo "1000"]
[PlyCount "116"]
[EventDate "2024.04.05"]
[EventType "swiss"]
[EventRounds "9"]
[EventCountry "SVK"]
[SourceTitle "CB16_2024"]
[SourceDate "2024.04.17"]
[SourceVersion "1"]
[SourceVersionDate "2024.04.17"]
[SourceQuality "1"]

1. e4 g6 2. Nc3 Bg7 3. Nf3 e6 4. d4 d5 5. Bd3 Ne7 6. 0-0 0-0 7. Be3 b6 8. h3 Bb7 9. Re1 c5 10. dxc5 bxc5 11. Bxc5 dxe4 12. Bxe4 Bxe4 13. Rxe4 Qxd1+ 14. Rxd1 Nbc6 15. Bxe7 Nxe7 16. Rb4 Nc6 17. Rc4 Rac8 18. a3 f5 19. b4 a6 20. b5 axb5 21. Nxb5 Ne7 22. Rxc8 Rxc8 23. Rc1 Nd5 24. a4 Ra8 25. Nbd4 Rxa4 26. Nxe6 Nc3 27. Kf1 Bf6 28. Nc5 Rc4 29. Nd7 Be7 30. Nde5 Re4 31. Ra1 Re2 32. Ra8+ Kg7 33. Ra7 Kf6 34. Nd7+ Ke6 35. Nd4+ Kd6 36. Nxe2 Nb5 37. Rb7 Na3 38. Nd4 Bd8 39. Nf6 Bxf6 40. Nb5+ Nxb5 41. Rxb5 Bc3 42. Rb7 h5 43. Rg7 Bxg7 44. f3 g5 45. Kf2 Ke5 46. g4 fxg4 47. hxg4 hxg4 48. fxg4 Kf4 49. c4 Bf8 50. Kg2 Kxg4 51. Kf2 Kh3 52. Ke3 g4 53. Kd4 g3 54. c5 Bxc5+ 55. Kxc5 g2 56. Kd5 g1Q 57. Kc4 Qe3 58. Kb4 Qc3+ 0-1

[Event "SVK-ch U10 Girls"]
[Site "Tatralandia"]
[Date "2024.04.07"]
[Round "3"]
[White "Siskova, Alexandra"]
[Black "Huttova, Karolina"]
[Result "0-1"]
[WhiteElo "1000"]
[BlackElo "1450"]
[PlyCount "70"]
[EventDate "2024.04.05"]
[EventType "swiss"]
[EventRounds "9"]
[EventCountry "SVK"]
[SourceTitle "CB16_2024"]
[SourceDate "2024.04.17"]
[SourceVersion "1"]
[SourceVersionDate "2024.04.17"]
[SourceQuality "1"]

1. e4 c5 2. Nc3 d6 3. Bc4 Nf6 4. d3 g6 5. Nf3 Bg7 6. 0-0 0-0 7. Be3 Nc6 8. d4 cxd4 9. Bxd4 Bg4 10. Bxf6 Bxf6 11. Re1 Ne5 12. Be2 Rc8 13. Nb5 a6 14. Nbd4 Qc7 15. Nxe5 Bxe2 16. Rxe2 Bxe5 17. Nb3 Bxb2 18. Rb1 Be5 19. Rc1 f5 20. Nd4 Qc4 21. c3 Bxd4 22. cxd4 Qxc1 23. Re1 Qxd1 24. Rxd1 fxe4 25. a4 b5 26. axb5 axb5 27. h3 b4 28. Rb1 Rb8 29. d5 b3 30. Rb2 Rfc8 31. f3 Rc2 32. Rxc2 bxc2 33. fxe4 c1Q+ 34. Kh2 Qf4+ 35. Kg1 Rb1# 0-1

[Event "SVK-ch U10 Girls"]
[Site "Tatralandia"]
[Date "2024.04.06"]
[Round "2"]
[White "Florekova, Lucia"]
[Black "Siskova, Alexandra"]
[Result "0-1"]
[WhiteElo "1000"]
[BlackElo "1000"]
[PlyCount "30"]
[EventDate "2024.04.05"]
[EventType "swiss"]
[EventRounds "9"]
[EventCountry "SVK"]
[SourceTitle "CB16_2024"]
[SourceDate "2024.04.17"]
[SourceVersion "1"]
[SourceVersionDate "2024.04.17"]
[SourceQuality "1"]

1. e3 e5 2. Bc4 Nf6 3. Qf3 Nc6 4. g4 Bc5 5. g5 d5 6. Bb3 Ne4 7. c4 dxc4 8. Bxc4 0-0 9. Bd3 Qxd3 10. Qe2 Qxe2+ 11. Nxe2 Nxg5 12. f4 exf4 13. exf4 Nf3+ 14. Kf1 Nb4 15. Na3 Bh3# 0-1